[Event "Arber op Seniors 3rd"]
[Site "Bayerisch Eisenstein"]
[Date "2015.08.02"]
[Round "2"]
[White "Kyas, Juergen"]
[Black "Riedl, Maximilian"]
[Result "1/2-1/2"]
[WhiteElo "2197"]
[BlackElo "2019"]
[PlyCount "38"]
[EventDate "2015.08.01"]
[EventType "swiss"]
[EventRounds "9"]
[EventCountry "GER"]
[SourceTitle "EXT 2016"]
[Source "ChessBase"]
[SourceDate "2015.10.08"]
[SourceVersion "1"]
[SourceVersionDate "2015.10.08"]
[SourceQuality "1"]

1. e4 e5 2. Bc4 Nf6 3. d3 Nc6 4. Nf3 Be7 5. 0-0 0-0 6. Re1 d6 7. c3 Na5 8. Bb5 Bd7 9. Bxd7 Qxd7 10. Nbd2 Nc6 11. d4 exd4 12. cxd4 Rfe8 13. d5 Ne5 14. Nxe5 dxe5 15. Nf3 Bb4 16. Bd2 Bxd2 17. Qxd2 c6 18. dxc6 Qxc6 19. Rac1 Qa6 1/2-1/2

[Event "Arber op Seniors 3rd"]
[Site "Bayerisch Eisenstein"]
[Date "2015.08.01"]
[Round "1"]
[White "Riedl, Maximilian"]
[Black "Redeker, Frank"]
[Result "1-0"]
[WhiteElo "2019"]
[BlackElo "1535"]
[PlyCount "51"]
[EventDate "2015.08.01"]
[EventType "swiss"]
[EventRounds "9"]
[EventCountry "GER"]
[SourceTitle "EXT 2016"]
[Source "ChessBase"]
[SourceDate "2015.10.08"]
[SourceVersion "1"]
[SourceVersionDate "2015.10.08"]
[SourceQuality "1"]

1. d4 d5 2. Nf3 Nf6 3. Bg5 Nbd7 4. Nbd2 h6 5. Bxf6 Nxf6 6. e3 e6 7. Bd3 Be7 8. 0-0 0-0 9. Ne5 Bd6 10. f4 c5 11. c3 cxd4 12. exd4 Nd7 13. Qc2 Nxe5 14. fxe5 Be7 15. Nf3 a6 16. Rae1 Bd7 17. Qe2 Qa5 18. Bb1 Bb5 19. Qc2 f5 20. exf6 Bxf6 21. Ne5 Rfd8 22. Qh7+ Kf8 23. Rxf6+ Ke7 24. Qxg7+ Kd6 25. Rxe6+ Kxe6 26. Nc4# 1-0

[Event "Oberpfalz-ch M1"]
[Site "Schwandorf"]
[Date "2015.03.30"]
[Round "5"]
[White "Rieger, Martin"]
[Black "Riedl, Maximilian"]
[Result "1-0"]
[WhiteElo "2103"]
[BlackElo "2002"]
[PlyCount "63"]
[EventDate "2015.03.28"]
[EventType "swiss"]
[EventRounds "8"]
[EventCountry "GER"]
[SourceTitle "EXT 2022"]
[Source "ChessBase"]
[SourceDate "2021.10.06"]
[SourceVersion "1"]
[SourceVersionDate "2021.10.06"]
[SourceQuality "1"]

1. Nf3 c5 2. g3 Nf6 3. Bg2 g6 4. 0-0 Bg7 5. d4 cxd4 6. Nxd4 0-0 7. c4 Nc6 8. Nc3 Nxd4 9. Qxd4 d6 10. Qd2 Rb8 11. b3 b6 12. Bb2 Bb7 13. e4 Nd7 14. f4 a6 15. Kh1 f5 16. exf5 Bxg2+ 17. Qxg2 Rxf5 18. Rae1 Rf7 19. Ne4 Bxb2 20. Qxb2 h6 21. Rf2 Nc5 22. Qd4 Qc7 23. Nc3 Qb7+ 24. Kg1 a5 25. Rfe2 Rbf8 26. Nd5 e6 27. Rxe6 Nxe6 28. Rxe6 Kh7 29. Qe4 Rg8 30. Nf6+ Kg7 31. Qxb7 Rxb7 32. Nxg8 1-0

[Event "Nittenau-ch 14th"]
[Site "Nittenau"]
[Date "2014.09.07"]
[Round "5"]
[White "Helmich, Joerg"]
[Black "Riedl, Maximilian"]
[Result "1/2-1/2"]
[WhiteElo "1519"]
[BlackElo "1896"]
[PlyCount "113"]
[EventDate "2014.09.05"]
[EventType "swiss"]
[EventRounds "5"]
[EventCountry "GER"]
[SourceTitle "CBM 162 Extra"]
[Source "ChessBase"]
[SourceDate "2014.10.17"]
[SourceVersion "1"]
[SourceVersionDate "2014.10.17"]
[SourceQuality "1"]

1. d4 d5 2. c4 e6 3. Nf3 c6 4. Nc3 dxc4 5. g3 Nf6 6. Bg2 Be7 7. Ne5 0-0 8. 0-0 Nd5 9. Nxc4 Nd7 10. Nxd5 exd5 11. Nd2 Nf6 12. Nf3 Qb6 13. Qc2 g6 14. Bg5 Bf5 15. Qc1 Rfe8 16. e3 Kg7 17. Nh4 Bd7 18. f4 h6 19. Bxf6+ Bxf6 20. Nf3 Bf5 21. Ne5 h5 22. Qd2 Be7 23. a3 f6 24. Nf3 Bd6 25. Nh4 Be4 26. Bxe4 Rxe4 27. Rae1 Kh6 28. f5 g5 29. Ng6 Rae8 30. Qf2 c5 31. h4 Rg4 32. hxg5+ Rxg5 33. Nf4 Reg8 34. Kh1 Rxg3 35. Rg1 R3g5 36. Rxg5 fxg5 37. Nxd5 Qc6 38. e4 Rf8 39. dxc5 Bxc5 40. Qd2 Rd8 41. Rc1 Qd6 42. Qc3 Bb6 43. Nxb6 Qxb6 44. Qe5 h4 45. Rg1 Rd6 46. Qc3 Qd4 47. Qxd4 Rxd4 48. Re1 Kg7 49. e5 Kf8 50. f6 Rf4 51. Kg2 g4 52. Rf1 Rc4 53. e6 Re4 54. e7+ Kf7 55. Kg1 Re2 56. Rf2 Rxf2 57. Kxf2 1/2-1/2